Introducción a los mercados de futuros y opciones

Guardat en:
Dades bibliogràfiques
Autor principal: Hull, John C (Autor)
Format: Llibre
Idioma:espanyol
Publicat: Ciudad de México Pearson Educación 2009
Edició:6a. ed
Matèries:
Etiquetes: Afegir etiqueta
Sense etiquetes, Sigues el primer a etiquetar aquest registre!

MARC

LEADER 00000cam a2200000 a 4500
001 UCG6766
003 CL-VaPUC
005 20240617164338.0
008 110520e20090000MX |||||||||||||||||spa|d
999 |c 344908  |d 344906 
020 |a 9786074421002 
040 |c Pontificia Universidad Católica de Valparaíso 
082 0 4 |a 332.632  |b HUL  |2 21 
100 |a Hull, John C  |e author  |9 582887 
245 1 0 |a Introducción a los mercados de futuros y opciones 
250 |a 6a. ed 
260 |a Ciudad de México  |b Pearson Educación  |c 2009 
300 |a 562 p 
500 |a Incluye CD con software DerivaGem 
583 |a last modification  |c 20181217 10:19:22  |k Rodrigo Vera 
650 0 |a Mercado de futuros  |9 410318 
650 0 |a Mercado de opciones  |9 469650 
650 0 |a Swaps  |9 889397 
942 |c BK  |2 ddc 
945 |d 20110520 00:00:00  |a jcampos 
952 |0 0  |1 0  |4 0  |6 332_632000000000000_HUL_2009  |7 0  |8 R  |9 443261  |a BIBENE  |b BIBENE  |d 2019-11-22  |i 4777573  |o 332.632 HUL 2009  |p 4777573  |r 2025-01-15  |w 2019-11-22  |y BK_R  |k ICO 
952 |0 0  |1 0  |4 0  |6 332_632000000000000_HUL_2009  |7 0  |8 R  |9 443262  |a BIBENE  |b BIBENE  |d 2019-11-22  |i 4886542  |l 1  |o 332.632 HUL 2009  |p 4886542  |r 2025-01-15  |s 2022-05-20  |w 2019-11-22  |y BK_R  |k ICO 
952 |0 0  |1 0  |4 0  |6 332_632000000000000_HUL_2009  |7 0  |8 R  |9 443263  |a BIBENE  |b BIBENE  |d 2019-11-22  |i 4886550  |l 3  |o 332.632 HUL 2009  |p 4886550  |r 2025-01-15  |s 2023-08-24  |w 2019-11-22  |y BK_R  |k ICO 
952 |0 0  |1 0  |3 erb  |4 0  |6 332_632000000000000_HUL_2009  |7 0  |8 R  |9 443264  |a BIBGIM  |b BIBGIM  |i 5524202  |o 332.632 HUL 2009  |p 5524202  |r 2025-01-15  |w 2019-11-22  |y BK_R  |z Catalogado en:20181220  |k COM